Top 10 Causes of Death in the U.S. - Statistics

General Stats
  • This quiz has been taken 64 times
  • The average score is 6 of 10
Answer Stats
Hint Answer Deaths % Correct
Can occur in lungs, breasts, brain, etc. Cancer 605,213
100%
Age associated memory disease Alzheimer's 120,168
83%
Often associated with obesity Diabetes 111,291
74%
Loss of blood flow to the brain Stroke 140,070
66%
Car Crashes, Falls, Not intended Unintentional Injuries 227,175
55%
Difficulty pumping blood Heart Disease 695,547
48%
Can result from alcoholism Cirrhosis 57,585
43%
Bacterial infection in the blood Sepsis 42,508
43%
4 Letter Respiratory Acronym COPD 142,342
31%
May cause decrease in urine production Kidney Disease 54,358
22%
No matching quizzes found
Score Distribution
Percent of People with Each Score
Percentile by Number Answered
Your Score History
You have not taken this quiz